Top 5 des Trophées NBA depuis 2020 - Statistiques

Statistiques générales
  • Ce quiz a été pris 68 fois
  • Le résultat moyen est 100 sur 150
Statistiques - réponses
Années Trophées Classement Joueur Team % Correct
2 Joel Embiid 76ers
100%
2 Joel Embiid 76ers
100%
2023 MVP 1 Joel Embiid 76ers
100%
2 LeBron James Lakers
100%
4 Luka Doncic Mavericks
100%
3 Luka Doncic Mavericks
100%
5 Luka Doncic Mavericks
100%
3 Luka Doncic Mavericks
100%
3 Rudy Gobert Jazz
100%
DPOY 1 Rudy Gobert Jazz
100%
3 Rudy Gobert Jazz
100%
DPOY 1 Rudy Gobert Timberwolves
100%
2020 MVP 1 Giannis Antetokounmpo Bucks
97%
DPOY 1 Giannis Antetokounmpo Bucks
97%
4 Giannis Antetokounmpo Bucks
97%
5 Giannis Antetokounmpo Bucks
97%
3 Giannis Antetokounmpo Bucks
97%
3 Giannis Antetokounmpo Bucks
97%
4 Giannis Antetokounmpo Bucks
97%
3 Giannis Antetokounmpo Bucks
97%
2021 MVP 1 Nikola Jokic Nuggets
97%
2022 MVP 1 Nikola Jokic Nuggets
97%
2 Nikola Jokic Nuggets
97%
2024 MVP 1 Nikola Jokic Nuggets
97%
2 Nikola Jokic Nuggets
97%
3 James Harden Rockets
95%
4 Jayson Tatum Celtics
95%
4 Jayson Tatum Celtics
95%
4 Jayson Tatum Celtics
95%
5 Kawhi Leonard Clippers
95%
5 Shai Gilgeous-Alexander Thunder
95%
2 Shai Gilgeous-Alexander Thunder
95%
2 Shai Gilgeous-Alexander Thunder
95%
2025 MVP 1 Shai Gilgeous-Alexander Thunder
95%
2 Anthony Davis Lakers
92%
4 Anthony Davis Davis
92%
5 Bam Adebayo Heat
92%
2 Bam Adebayo Heat
92%
4 Bam Adebayo Heat
92%
4 Bam Adebayo Heat
92%
5 Bam Adebayo Heat
92%
3 Bam Adebayo Heat
92%
3 Stephen Curry Warriors
92%
3 Draymond Green Warriors
90%
4 Draymond Green Warriors
90%
3 Draymond Green Warriors
90%
4 Jalen Brunson Mavericks
90%
3 Jalen Brunson Knicks
90%
5 Jalen Brunson Knicks
90%
5 Jalen Brunson Knicks
90%
4 Jalen Green Rockets
90%
2 Jalen Williams Thunder
90%
4 Jalen Williams Thunder
90%
ROY 1 Ja Morant Grizzlies
90%
MIP 1 Ja Morant Grizzlies
90%
3 Lou Williams Clippers
90%
2 Victor Wembanyama Spurs
87%
ROY 1 Victor Wembanyama Spurs
87%
4 Devin Booker Suns
85%
2 Evan Mobley Cavaliers
85%
3 Evan Mobley Cavaliers
85%
DPOY 1 Evan Mobley Cavaliers
85%
3 Zion Williamson Pelicans
85%
5 Donovan Mitchell Cavaliers
82%
ROY 1 LaMelo Ball Hornets
82%
ROY 1 Stephon Castle Spurs
79%
3 Cade Cunningham Pistons
77%
3 Cade Cunningham Pistons
77%
5 Jaren Jackson jr. Grizzlies
77%
DPOY 1 Jaren Jackson jr. Grizzlies
77%
6MOY 1 Tyler Herro Heat
77%
5 Amen Thompson Rockets
74%
2 Anthony Edwards Timberwolves
74%
5 Chris Paul Suns
74%
ROY 1 Paolo Banchero Magic
74%
2 Brook Lopez Bucks
72%
5 Coby White Bulls
72%
2 Coby White Bulls
72%
MIP 1 Lauri Markkanen Jazz
72%
DPOY 1 Marcus Smart Celtics
72%
MIP 1 Tyrese Maxey 76ers
72%
2 Zaccharie Risacher Hawks
72%
4 Alex Sarr Wizards
69%
2 Chet Holmgren Thunder
69%
2 Dejounte Murray Spurs
67%
5 Keegan Murray Kings
67%
6MOY 1 Payton Pritchard Celtics
67%
3 Alperen Sengun Rockets
64%
ROY 1 Scottie Barnes Raptors
64%
3 Tyrese Haliburton Kings
62%
5 Austin Reaves Lakers
59%
2 Dyson Daniels Hawks
59%
MIP 1 Dyson Daniels Hawks
59%
4 Luguentz Dort Thunder
59%
3 Cameron Johnson Suns
56%
6MOY 1 Naz Reid Timberwolves
56%
5 Naz Reid Timberwolves
56%
5 Franz Wagner Magic
54%
MIP 1 Julius Randle Knicks
54%
2 Mikal Bridges Suns
54%
4 Mikal Bridges Suns-Nets
54%
4 Norman Powell Clippers
51%
4 Norman Powell Clippers
51%
3 Brandon Miller Hornets
49%
4 Christian Braun Nuggets
49%
3 Darius Garland Cavaliers
49%
5 Desmond Bane Grizzlies
49%
2 Ivica Zubac Clippers
49%
4 Ben Simmons 76ers
46%
2 Ben Simmons 76ers
46%
5 Zach Edey Grizzlies
46%
4 Bennedict Mathurin Pacers
44%
4 DeAndre Hunter Hawks-Cavaliers
44%
6MOY 1 Jordan Clarkson Jazz
44%
4 Jordan Clarkson Jazz
44%
5 Malik Monk Kings
44%
2 Malik Monk Kings
44%
4 Jaime Jaquez jr. Heat
41%
3 Walker Kessler Jazz
41%
3 Bobby Portis Bucks
38%
3 Bobby Portis Bucks
38%
5 Herbert Jones Pelicans
38%
3 Michael Porter jr. Nuggets
38%
MIP 1 Brandon Ingram Pelicans
36%
3 Jaylen Wells Grizzlies
36%
4 Jordan Poole Warriors
36%
3 Ty Jerome Cavaliers
36%
5 Brandin Podziemski Warriors
33%
2 Malik Beasley Pistons
31%
5 Nic Claxton Nets
28%
5 Zach LaVine Bulls
28%
6MOY 1 Malcolm Brogdon Celtics
23%
6MOY 1 Montrezl Harrell Clippers
23%
5 Tim Hardaway jr. Mavericks
23%
5 Bogdan Bogdanovic Hawks
21%
3 Derrick Rose Pistons-Knicks
15%
2 Joe Ingles Jazz
15%
4 Brandon Clarke Grizzlies
13%
2 Dennis Schröder Thunder
10%
2 Immanuel Quickley Knicks
10%
2 Kendrick Nunn Heat
10%
5 Christian Wood Pistons
8%
4 Christian Wood Rockets
8%
2 Kevin Love Cavaliers
8%
5 Luke Kennard Clippers
8%
5 Jae'Sean Tate Rockets
5%
2 Jerami Grant Pistons
5%
5 Devonte Graham Hornets
3%
4 George Hill Bucks
3%
4 Saddiq Bey Pistons
3%
Aucun quiz correspondant
Distribution des résultats
% des personnes avec chaque résultat
Percentile par nombre de réponses
Votre historique - résultats
Vous n’avez pas pris ce quiz